Statistics for Countries Closest to Liberia - One Minute Sprint

Click here to take the quiz!

General Stats

  • This quiz has been taken 20 times
  • The average score is 15 of 20

Answer Stats

kmcountrymiles% Correct
452Senegal281
94%
469Ghana292
89%
281Mali175
89%
1203Niger748
89%
1118Nigeria695
89%
886Togo551
89%
997Benin620
83%
0Côte d'Ivoire0
83%
0Guinea0
83%
519Guinea-Bissau322
83%
450Burkina Faso280
78%
665Gambia413
78%
1778Cameroon1105
72%
721Mauritania448
72%
0Sierra Leone0
72%
1574Cabo Verde978
56%
1811Algeria1825
50%
1620São Tomé and Príncipe1107
39%
1458Western Sahara906
33%
1773Equatorial Guinea1102
28%

Score Distribution

Percentile by Number Answered

Percent of People with Each Score

Your Score History

You have not taken this quiz